[Event "CAN-ch"]
[Site "Toronto"]
[Date "2023.04.10"]
[Round "8"]
[White "Mendes, Aaron Reeve"]
[Black "Ning, Eric"]
[Result "0-1"]
[WhiteElo "2043"]
[BlackElo "1963"]
[PlyCount "92"]
[EventDate "2023.04.06"]
[EventType "swiss"]
[EventRounds "9"]
[EventCountry "CAN"]
[SourceTitle "CBM 213 Extra"]
[Source "ChessBase"]
[SourceDate "2023.05.31"]
[SourceVersion "1"]
[SourceVersionDate "2023.05.31"]
[SourceQuality "1"]

1. e4 c5 2. Nf3 Nc6 3. Bb5 g6 4. 0-0 Bg7 5. c3 e5 6. d3 Nge7 7. Be3 d6 8. d4 exd4 9. cxd4 Qb6 10. Nc3 0-0 11. Bxc6 Nxc6 12. Na4 Qc7 13. h3 b6 14. Rc1 Ba6 15. Re1 Nb4 16. dxc5 dxc5 17. Nxc5 bxc5 18. Bxc5 Qb7 19. Bxf8 Rxf8 20. Qd6 Nd3 21. Rc7 Qxb2 22. Rd1 Qxf2+ 23. Kh1 Qe2 24. Rb1 Bh6 25. Rxa7 Bc8 26. Qg3 Bf4 27. Qh4 Nf2+ 28. Kg1 Nxh3+ 29. Kh1 g5 30. Nxg5 Bxg5 31. Qg3 Nf2+ 32. Kh2 Qh5+ 33. Kg1 Nxe4 34. Qd3 Bf5 35. Ra5 Bg6 36. Rab5 Qh4 37. R1b4 Qf2+ 38. Kh1 Ng3+ 39. Qxg3 Qxg3 40. Rb3 Qe1+ 41. Kh2 Ra8 42. Rxg5 Qh4+ 43. Rh3 Qxg5 44. a4 Qf4+ 45. Kh1 Rb8 46. Rh2 Qf1# 0-1

[Event "CAN-ch"]
[Site "Toronto"]
[Date "2023.04.10"]
[Round "7"]
[White "Ning, Eric"]
[Black "Chen, Richard1111"]
[Result "0-1"]
[WhiteElo "1963"]
[BlackElo "1834"]
[PlyCount "74"]
[EventDate "2023.04.06"]
[EventType "swiss"]
[EventRounds "9"]
[EventCountry "CAN"]
[SourceTitle "CBM 213 Extra"]
[Source "ChessBase"]
[SourceDate "2023.05.31"]
[SourceVersion "1"]
[SourceVersionDate "2023.05.31"]
[SourceQuality "1"]

1. d4 Nf6 2. c4 e6 3. Nc3 Bb4 4. Qc2 0-0 5. Bg5 d5 6. cxd5 exd5 7. e3 Be6 8. Bd3 h6 9. Bh4 c5 10. a3 Bxc3+ 11. bxc3 c4 12. Be2 Nbd7 13. f3 Qa5 14. g4 b5 15. Bg3 Nh7 16. Bd6 Rfe8 17. Kf2 f5 18. gxf5 Bxf5 19. Qxf5 Qxc3 20. Qxd5+ Kh8 21. Re1 Qxe3+ 22. Kg2 a6 23. Bg3 Nhf6 24. Qd6 Qd2 25. Qf4 Qb2 26. a4 bxa4 27. Qc1 a3 28. Bd6 Qxd4 29. Rd1 Qb2 30. Kf1 Nd5 31. Bxa3 Qb5 32. Re1 Ne3+ 33. Kf2 Qg5 34. Bf1 Qh4+ 35. Ke2 Ng2+ 36. Kd2 Qd4+ 37. Kc2 Rxe1 0-1

[Event "CAN-ch"]
[Site "Toronto"]
[Date "2023.04.07"]
[Round "3"]
[White "Liu, Henry"]
[Black "Ning, Eric"]
[Result "1-0"]
[WhiteElo "1988"]
[BlackElo "1963"]
[PlyCount "69"]
[EventDate "2023.04.06"]
[EventType "swiss"]
[EventRounds "9"]
[EventCountry "CAN"]
[SourceTitle "CBM 213 Extra"]
[Source "ChessBase"]
[SourceDate "2023.05.31"]
[SourceVersion "1"]
[SourceVersionDate "2023.05.31"]
[SourceQuality "1"]

1. d4 Nf6 2. Bf4 g6 3. Nc3 d5 4. e3 Bg7 5. h4 h5 6. Nf3 0-0 7. Ne5 c5 8. Qd2 Nc6 9. Nxc6 bxc6 10. dxc5 Qa5 11. a3 Re8 12. b4 Qd8 13. Rd1 e5 14. Bg5 Qe7 15. Be2 Bf5 16. 0-0 Qe6 17. Bxf6 Bxf6 18. e4 dxe4 19. Qe3 Bxh4 20. Nxe4 Red8 21. Rxd8+ Rxd8 22. Nd6 Qf6 23. Bf3 Rxd6 24. cxd6 Qxd6 25. Qxa7 e4 26. Be2 Be7 27. Rd1 Qe6 28. Qd4 h4 29. Bc4 Qc8 30. Qe5 Qb7 31. c3 h3 32. gxh3 Bxh3 33. Qxe4 Bf5 34. Qe5 Bh4 35. Rd4 1-0

[Event "Newmarket Aurora Spring op"]
[Site "Newmarket"]
[Date "2019.03.30"]
[Round "2.6"]
[White "Rusonik, Max"]
[Black "Ning, Eric"]
[Result "1-0"]
[WhiteElo "2208"]
[BlackElo "2181"]
[PlyCount "73"]
[EventDate "2019.03.30"]
[EventType "swiss"]
[EventRounds "5"]
[EventCountry "CAN"]
[SourceTitle "EXT 2022"]
[Source "ChessBase"]
[SourceDate "2021.10.06"]
[SourceVersion "1"]
[SourceVersionDate "2021.10.06"]
[SourceQuality "1"]

1. e4 c5 2. Nf3 g6 3. d4 cxd4 4. Nxd4 Bg7 5. c4 Nc6 6. Be3 Nh6 7. Nc3 0-0 8. Be2 f5 9. exf5 Bxd4 10. Bxd4 Nxf5 11. Bc5 d6 12. Ba3 Nfd4 13. 0-0 Bf5 14. Bd3 Qd7 15. Nd5 e5 16. b3 Rae8 17. f3 Kg7 18. Qd2 Ne6 19. Be4 Ncd4 20. Rae1 Nc5 21. Nc3 Nxe4 22. Nxe4 Re6 23. Bb2 Bxe4 24. Rxe4 Nc6 25. Rd1 Qe7 26. Rde1 Rf5 27. Bc3 Nd8 28. b4 Nf7 29. f4 Kg8 30. g4 Rxf4 31. Qxf4 Ng5 32. Qg3 Nxe4 33. Rxe4 Qg5 34. c5 dxc5 35. bxc5 Qc1+ 36. Re1 Qc2 37. Rxe5 1-0

[Event "Guelph Winter Pro-Am"]
[Site "Guelph"]
[Date "2019.02.03"]
[Round "5.5"]
[White "Ning, Eric"]
[Black "Dougherty, Michael J"]
[Result "0-1"]
[WhiteElo "2067"]
[BlackElo "2238"]
[PlyCount "98"]
[EventDate "2019.02.02"]
[EventType "swiss"]
[EventRounds "5"]
[EventCountry "CAN"]
[SourceTitle "EXT 2022"]
[Source "ChessBase"]
[SourceDate "2021.10.06"]
[SourceVersion "1"]
[SourceVersionDate "2021.10.06"]
[SourceQuality "1"]

1. d4 g6 2. c4 Bg7 3. Nc3 c5 4. d5 d6 5. g3 f5 6. Bg2 Bxc3+ 7. bxc3 Qa5 8. Qc2 Nd7 9. Nf3 Ngf6 10. 0-0 Ne4 11. Nd2 Nxd2 12. Bxd2 Nb6 13. e4 Nxc4 14. Bf4 0-0 15. Qe2 b5 16. exf5 Bxf5 17. Rfc1 Qc7 18. Bh6 Rfe8 19. g4 Bd7 20. h3 Rab8 21. a4 Ne5 22. axb5 Rxb5 23. c4 Rb3 24. Rab1 Qb6 25. Qa2 Rxb1 26. Rxb1 Qc7 27. Be4 Rb8 28. Qc2 Rxb1+ 29. Qxb1 Qb6 30. Qa1 Qb4 31. f4 Qd2 32. fxe5 Qxh6 33. Bg2 Qe3+ 34. Kh1 Qxe5 35. Qxa7 Be8 36. Qb8 Kf7 37. Qb3 Kg7 38. Bf3 g5 39. Kg2 Bg6 40. Kf1 Be4 41. Be2 Qf4+ 42. Ke1 Qc1+ 43. Kf2 Qd2 44. Qe3 Qd4 45. Bf1 Kf6 46. Ke2 Qxc4+ 47. Kf2 Qd4 48. Qxd4+ cxd4 49. Ke2 Ke5 0-1

[Event "Guelph Winter Pro-Am"]
[Site "Guelph"]
[Date "2019.02.02"]
[Round "2.8"]
[White "Atanasov, Anthony"]
[Black "Ning, Eric"]
[Result "1/2-1/2"]
[WhiteElo "2164"]
[BlackElo "2067"]
[PlyCount "87"]
[EventDate "2019.02.02"]
[EventType "swiss"]
[EventRounds "5"]
[EventCountry "CAN"]
[SourceTitle "EXT 2022"]
[Source "ChessBase"]
[SourceDate "2021.10.06"]
[SourceVersion "1"]
[SourceVersionDate "2021.10.06"]
[SourceQuality "1"]

1. d4 Nf6 2. Bf4 g6 3. e3 Bg7 4. Be2 0-0 5. Nf3 d6 6. h3 Nbd7 7. c4 b6 8. Nc3 Bb7 9. Qc2 Re8 10. Rd1 e6 11. 0-0 a6 12. Rd2 Qe7 13. Rfd1 h6 14. e4 e5 15. dxe5 Nxe5 16. Nxe5 dxe5 17. Be3 Rad8 18. Rxd8 Rxd8 19. Nd5 Nxd5 20. cxd5 Qd6 21. Rc1 Rd7 22. Qd2 c6 23. Bg4 f5 24. exf5 h5 25. dxc6 Qxd2 26. Bxd2 Bxc6 27. Rxc6 Rxd2 28. Bf3 gxf5 29. Rxb6 e4 30. Bxh5 Bd4 31. Rxa6 Rxf2 32. Ra5 Rxb2+ 33. Kh2 e3 34. Rxf5 e2 35. Bxe2 Rxe2 36. h4 Rxa2 37. Rf3 Be5+ 38. Kh3 Kg7 39. Rf5 Bf6 40. Rf4 Kg6 41. Rf3 Ra1 42. Kg4 Ra4+ 43. Rf4 Rxf4+ 44. Kxf4 1/2-1/2

[Event "Scarborough CC Howard Ridout"]
[Site "Toronto"]
[Date "2018.10.25"]
[Round "7.3"]
[White "Mao, Fengxi"]
[Black "Ning, Eric"]
[Result "0-1"]
[WhiteElo "1842"]
[BlackElo "1942"]
[PlyCount "60"]
[EventDate "2018.09.13"]
[EventType "swiss"]
[EventRounds "7"]
[EventCountry "CAN"]
[SourceTitle "EXT 2022"]
[Source "ChessBase"]
[SourceDate "2021.10.06"]
[SourceVersion "1"]
[SourceVersionDate "2021.10.06"]
[SourceQuality "1"]

1. e4 c5 2. Nf3 Nc6 3. Nc3 g6 4. d4 cxd4 5. Nxd4 Bg7 6. Nb3 Nf6 7. Be2 d6 8. 0-0 0-0 9. Re1 a6 10. Bf1 b5 11. Nd5 Nxd5 12. exd5 Ne5 13. Bd2 Nc4 14. Bxc4 bxc4 15. Na5 Qc7 16. Nc6 e6 17. Ba5 Qb7 18. Rb1 Qb5 19. b3 Kh8 20. a4 Qxd5 21. Qxd5 exd5 22. bxc4 dxc4 23. Re7 Be6 24. Bc7 d5 25. Rb6 Bf6 26. Be5 Bxe5 27. Nxe5 Rab8 28. a5 Rbe8 29. Rbxe6 fxe6 30. Nf7+ Kg7 0-1

[Event "Scarborough CC Howard Ridout"]
[Site "Toronto"]
[Date "2018.10.18"]
[Round "6.2"]
[White "Ning, Eric"]
[Black "Hay, Jonathan"]
[Result "1/2-1/2"]
[WhiteElo "1942"]
[BlackElo "2054"]
[PlyCount "86"]
[EventDate "2018.09.13"]
[EventType "swiss"]
[EventRounds "7"]
[EventCountry "CAN"]
[SourceTitle "EXT 2022"]
[Source "ChessBase"]
[SourceDate "2021.10.06"]
[SourceVersion "1"]
[SourceVersionDate "2021.10.06"]
[SourceQuality "1"]

1. d4 d5 2. c4 c6 3. e3 Nf6 4. Nf3 Bf5 5. Nc3 e6 6. Nh4 Bg4 7. Qb3 Qb6 8. h3 Bh5 9. g4 Bg6 10. Nxg6 hxg6 11. Bg2 Nbd7 12. Bd2 Be7 13. 0-0-0 Qxb3 14. axb3 Nb6 15. c5 Nbd7 16. b4 a6 17. e4 Nxe4 18. Nxe4 dxe4 19. Bxe4 Nf6 20. Bg2 0-0-0 21. Bg5 Rd7 22. Kc2 Rhd8 23. Be3 Nd5 24. Kb3 Nc7 25. Kc4 Nb5 26. g5 Nc7 27. Bf3 Nd5 28. h4 Rh8 29. Rdg1 Bd8 30. h5 gxh5 31. Rxh5 Rxh5 32. Bxh5 g6 33. Bf3 Kc7 34. Bxd5 Rxd5 35. Bf4+ Kd7 36. Be5 Bc7 37. f4 Bxe5 38. fxe5 Ke7 39. Rh1 Rd8 40. Rh4 Kf8 41. Kb3 Ke7 42. Ka4 Kd7 43. Rh7 Ke7 1/2-1/2

[Event "Scarborough CC Winter Swiss"]
[Site "Toronto"]
[Date "2018.03.01"]
[Round "2.1"]
[White "Ning, Eric"]
[Black "Issani, Nameer"]
[Result "0-1"]
[WhiteElo "2094"]
[BlackElo "2115"]
[PlyCount "116"]
[EventDate "2018.02.22"]
[EventType "swiss"]
[EventRounds "6"]
[EventCountry "CAN"]
[SourceTitle "EXT 2022"]
[Source "ChessBase"]
[SourceDate "2021.10.06"]
[SourceVersion "1"]
[SourceVersionDate "2021.10.06"]
[SourceQuality "1"]

1. d4 Nf6 2. c4 e6 3. Nf3 Bb4+ 4. Nbd2 0-0 5. e3 d6 6. Bd3 Nbd7 7. a3 Bxd2+ 8. Bxd2 Qe7 9. Qc2 e5 10. dxe5 dxe5 11. Ng5 h6 12. Ne4 b6 13. f3 Bb7 14. Bb4 c5 15. Bc3 Rad8 16. 0-0-0 a6 17. h4 Bxe4 18. Bxe4 b5 19. g4 b4 20. Bd2 Nb6 21. g5 Nxe4 22. Qxe4 bxa3 23. b3 a2 24. Kb2 f5 25. Qc2 h5 26. Bc3 Rb8 27. Kxa2 a5 28. f4 exf4 29. exf4 a4 30. Be5 axb3+ 31. Qxb3 Qa7+ 32. Kb1 Na4 33. Bxb8 Rxb8 34. Kc2 Rxb3 35. Kxb3 Qb6+ 36. Kc2 Qb2+ 37. Kd3 Qc3+ 38. Ke2 Qxc4+ 39. Kf3 Qe4+ 40. Kg3 Qe3+ 41. Kg2 Qe2+ 42. Kh3 Qg4+ 43. Kh2 Qxh4+ 44. Kg2 Qg4+ 45. Kh2 Qxf4+ 46. Kh3 Qg4+ 47. Kh2 Qh4+ 48. Kg2 Qxg5+ 49. Kh2 Nc3 50. Rd3 Ne4 51. Rf1 c4 52. Rh3 c3 53. Rg1 Qxg1+ 54. Kxg1 c2 55. Rxh5 c1Q+ 56. Kg2 Qd2+ 57. Kh1 Qd1+ 58. Kg2 Qxh5 0-1

[Event "Scarborough CC Howard Ridout"]
[Site "Toronto"]
[Date "2017.09.21"]
[Round "2.2"]
[White "Ning, Eric"]
[Black "Li, William"]
[Result "0-1"]
[WhiteElo "2024"]
[BlackElo "2054"]
[PlyCount "62"]
[EventDate "2017.09.14"]
[EventType "swiss"]
[EventRounds "7"]
[EventCountry "CAN"]
[SourceTitle "EXT 2022"]
[Source "ChessBase"]
[SourceDate "2021.10.06"]
[SourceVersion "1"]
[SourceVersionDate "2021.10.06"]
[SourceQuality "1"]

1. d4 Nf6 2. c4 e6 3. Nf3 b6 4. a3 Ba6 5. b3 d5 6. Nbd2 Nbd7 7. Bb2 c6 8. e3 Be7 9. Ne5 Nxe5 10. dxe5 Nd7 11. cxd5 Bxf1 12. dxe6 Bxg2 13. Rg1 Nc5 14. exf7+ Kf8 15. Rxg2 Nd3+ 16. Ke2 Nxb2 17. Qc2 Qd5 18. Rag1 Qb5+ 19. Ke1 Nd3+ 20. Kd1 g6 21. a4 Qd5 22. e4 Qd4 23. Qxc6 Rd8 24. Qc2 Bb4 25. f3 Nf2+ 26. Ke2 Qxd2+ 27. Qxd2 Rxd2+ 28. Kf1 Rd1+ 29. Ke2 Rd2+ 30. Kf1 Kxf7 31. h4 Rc8 0-1

[Event "CAN-ch U20"]
[Site "Mississauga"]
[Date "2017.08.12"]
[Round "7"]
[White "Kang, Dorian"]
[Black "Ning, Eric"]
[Result "0-1"]
[WhiteElo "1716"]
[BlackElo "1657"]
[PlyCount "84"]
[EventDate "2017.08.09"]
[EventType "swiss"]
[EventRounds "9"]
[EventCountry "CAN"]
[SourceTitle "CBM 180 Extra"]
[Source "ChessBase"]
[SourceDate "2017.10.06"]
[SourceVersion "1"]
[SourceVersionDate "2017.10.06"]
[SourceQuality "1"]

1. c4 Nf6 2. Nc3 d5 3. cxd5 Nxd5 4. e4 Nxc3 5. bxc3 g6 6. d4 Bg7 7. Bc4 c5 8. Ne2 Nc6 9. Be3 0-0 10. 0-0 Qc7 11. Rc1 Rd8 12. Bf4 Qd7 13. d5 Na5 14. Bd3 c4 15. Bb1 b5 16. Be3 Bb7 17. f3 e6 18. dxe6 Qxe6 19. Nd4 Qe8 20. Qe1 Ba6 21. Qf2 Nc6 22. Nxc6 Qxc6 23. e5 Bb7 24. Bd4 a5 25. Be4 Qa6 26. Bxb7 Qxb7 27. Qb2 Rd5 28. Rfe1 Qc7 29. f4 g5 30. g3 gxf4 31. gxf4 Kh8 32. Qg2 Rdd8 33. Kh1 Qd7 34. Re4 Ra6 35. Qf3 Qf5 36. Rg1 Rg6 37. Rxg6 hxg6 38. Re2 b4 39. Qf2 Kg8 40. e6 fxe6 41. Bxg7 Rd1+ 42. Re1 Qe4+ 0-1

[Event "CAN-ch U20"]
[Site "Mississauga"]
[Date "2017.08.11"]
[Round "5"]
[White "Hua, Eugene"]
[Black "Ning, Eric"]
[Result "1-0"]
[WhiteElo "2218"]
[BlackElo "1657"]
[PlyCount "65"]
[EventDate "2017.08.09"]
[EventType "swiss"]
[EventRounds "9"]
[EventCountry "CAN"]
[SourceTitle "CBM 180 Extra"]
[Source "ChessBase"]
[SourceDate "2017.10.06"]
[SourceVersion "1"]
[SourceVersionDate "2017.10.06"]
[SourceQuality "1"]

1. e4 c5 2. Nf3 Nc6 3. Bb5 g6 4. Bxc6 bxc6 5. 0-0 Bg7 6. Re1 e5 7. c3 Ne7 8. d4 cxd4 9. cxd4 exd4 10. Nxd4 0-0 11. Nc3 Rb8 12. Nb3 Qc7 13. Bg5 d6 14. Rc1 Qd7 15. e5 d5 16. Nc5 Qc7 17. Qd2 Re8 18. Bf4 Qa5 19. e6 Rb4 20. exf7+ Kxf7 21. Bd6 Nf5 22. Rxe8 Kxe8 23. Nxd5 cxd5 24. Re1+ Kf7 25. Qxd5+ Kf6 26. Nd7+ Bxd7 27. Qxa5 Rb6 28. Qe5+ Kf7 29. Qd5+ Kf6 30. Be5+ Kg5 31. Qxd7 Bxe5 32. Rxe5 Rd6 33. Qxd6 1-0

[Event "Canadian op U2200"]
[Site "Sault Ste Marie"]
[Date "2017.07.13"]
[Round "5"]
[White "Ning, Eric"]
[Black "Atanasov, Anthony"]
[Result "1/2-1/2"]
[WhiteElo "1922"]
[BlackElo "1823"]
[PlyCount "56"]
[EventDate "2017.07.11"]
[EventType "swiss"]
[EventRounds "9"]
[EventCountry "CAN"]
[SourceTitle "EXT 2022"]
[Source "ChessBase"]
[SourceDate "2021.10.06"]
[SourceVersion "1"]
[SourceVersionDate "2021.10.06"]
[SourceQuality "1"]

1. d4 Nf6 2. c4 g6 3. Nc3 d5 4. cxd5 Nxd5 5. e4 Nxc3 6. bxc3 Bg7 7. Bc4 c5 8. Ne2 0-0 9. 0-0 Nc6 10. Be3 Bg4 11. f3 Bd7 12. Qd2 Qc7 13. Rac1 Rfd8 14. Rfd1 Na5 15. Bd3 Ba4 16. Rf1 a6 17. f4 Bb5 18. c4 Ba4 19. d5 e6 20. Nc3 Be8 21. e5 b6 22. Rb1 Rab8 23. d6 Qc8 24. Qf2 Bc6 25. g4 Kh8 26. Rb2 Ba8 27. Rfb1 f6 28. Qh4 Qc6 1/2-1/2